banner koha

Antioxidant and hepatoprotective effects of ethanolic and ethyl acetate stem bark extracts of Copaifera multijuga (Fabaceae)in mice (Registro n. 255235)

MARC details
000 -LÍDER
campo de controle de tamanho fixo 01053nas a2200349 4500
001 - NÚMERO DE CONTROLE
campo de controle BR2018002713
003 - IDENTIFICADOR DO NÚMERO DE CONTROLE
campo de controle BR-BrBNA
005 - DATA E HORÁRIO DA ÚLTIMA TRANSAÇÃO
campo de controle 20231205131521.0
007 - CAMPO FIXO DE DESCRIÇÃO FÍSICA--INFORMAÇÃO GERAL
campo de controle de tamanho fixo ta
008 - CAMPO DE DADOS FIXOS--INFORMAÇÃO GERAL
campo de controle de tamanho fixo 230509b bl.|||p| |||| 00| 00por d
040 ## - FONTE DA CATALOGAÇÃO
Instituição da catalogação original BR-BrBNA
Idioma da catalogação por
Instituição que transcreveu o registro Biblioteca Nacional de Agricultura
041 ## - CÓDIGO DE IDIOMA
Código do idioma do texto/trilha sonora ou título diferente (En)
072 ## - CÓDIGO DE CATEGORIA DE ASSUNTO
Código de Categoria de Assunto L50; F60
100 1# - ENTRADA PRINCIPAL--NOME PESSOAL
Nome pessoal Pereira, D.L.
100 1# - ENTRADA PRINCIPAL--NOME PESSOAL
Nome pessoal Cunha, A.P.S. da
100 1# - ENTRADA PRINCIPAL--NOME PESSOAL
Nome pessoal Cardoso, C.R.P.
100 1# - ENTRADA PRINCIPAL--NOME PESSOAL
Nome pessoal Rocha, C.Q. da
100 1# - ENTRADA PRINCIPAL--NOME PESSOAL
Nome pessoal Vilegas, W.
100 1# - ENTRADA PRINCIPAL--NOME PESSOAL
Nome pessoal Sinhorin, A.P.
100 1# - ENTRADA PRINCIPAL--NOME PESSOAL
Nome pessoal Sinhorin, V.D.
245 1# - TÍTULO
Título Antioxidant and hepatoprotective effects of ethanolic and ethyl acetate stem bark extracts of Copaifera multijuga (Fabaceae)in mice
650 ## - ASSUNTO--TERMO TÓPICO
Cabeçalho tópico ou nome geográfico ANIMAL DE LABORATÓRIO
650 ## - ASSUNTO--TERMO TÓPICO
Cabeçalho tópico ou nome geográfico BIOQUÍMICA
650 ## - ASSUNTO--TERMO TÓPICO
Cabeçalho tópico ou nome geográfico COPAÍBA
650 ## - ASSUNTO--TERMO TÓPICO
Cabeçalho tópico ou nome geográfico PLANTA MEDICINAL
650 ## - ASSUNTO--TERMO TÓPICO
Cabeçalho tópico ou nome geográfico CAULE
650 ## - ASSUNTO--TERMO TÓPICO
Cabeçalho tópico ou nome geográfico CASCA
650 ## - ASSUNTO--TERMO TÓPICO
Cabeçalho tópico ou nome geográfico ANTIOXIDANTE
773 0# - ENTRADA ANALÍTICA
Título Acta Amazônica (Brazil)
ISSN - International Standard Serial Number ISSN 0044-5967
Partes relacionadas (Dec 2018), v. 48(4) p. 347-357
Número de controle do registro BR2018002713
909 ## -
-- 202311
-- Lúcia
-- 55
-- Lúcia Elande
942 ## - ELEMENTOS DE ENTRADA ADICIONADOS (KOHA)
Fonte da classificação ou esquema de arquivamento na estante Classificação AGRIS
Ocultar no OPAC Não
Tipo de material Koha Analítica
Exemplares
Situação do descarte Fonte da classificação ou esquema de arquivamento na estante Situação física Não pode ser emprestado Biblioteca de origem Biblioteca atual Localização na estante Enumeração do periódico / cronologia Total de empréstimos Data de último acesso Número do exemplar Tipo de material Koha Fonte de aquisição
  Classificação AGRIS   Consulta local Biblioteca Nacional de Agricultura - Binagri Biblioteca Nacional de Agricultura - Binagri   (Dec 2018), v. 48(4) p. 347-357   29/11/2023 01 Periódicos Portaria Interministerial nº 164/94

BINAGRI

Telefone: (61)3218-2567/2388/3357/2097 - binagri@agro.gov.br

Ministério da Agricultura e Pecuária , Esplanada dos Ministérios, Bloco D, Anexo B, Brasília/DF, CEP: 70.043-900